000 01132nam a2200313 i 4500
003 EG-GICUC
005 20260212145325.0
008 260212s1991 ua ||||fr|||| 00| 0 ara d
017 _a1990/4360
020 _a9770300071
040 _a EG-GICUC
_bara
_c EG-GICUC
_d EG-GICUC
_erda
041 _aara
082 0 4 _a343.2
_bع ب . ش
_221
092 0 4 _221
099 _aLaw1 10 343.2 ع ب . ش 1991 1003739
100 0 _aعبد الحميد الشواربي
_eمؤلف.
245 1 0 _aشرح قانون العقوبات /
_cدكتور عبد الحميد الشواربي
264 1 _aالإسكندرية :
_bمنشأة المعارف،
_c1991.
300 _a801 ؛ صفحة
_c24 سم
_bإيضاحيات، صور، مثيليات ؛
336 _2rda content
_atext
337 _2rda media
_aComputer
338 _2rda carrier
_aOnline Resource
504 _aيشتمل على إرجاعات ببليوجرافية
650 1 _aقانون العقوبات القسم الخاص.
_2qrmak
651 1 _2qrmak
856 4 0 _uhttps://fll.law.cu.edu.eg/fulltext/bks/B10-03739.pdf
905 _a18
942 _2ddc
_cBK
_e21
_n0
999 _c62811
_d62811